| 000 | 00537nam a22001697a 4500 | ||
|---|---|---|---|
| 999 |
_c14959 _d14959 |
||
| 003 | OSt | ||
| 082 | _2631.3 REM/PE | ||
| 088 | _aP 140 | ||
| 100 |
_aREMYA N _aRENJI R _aROOPESH M.S _92409 |
||
| 245 | _aPerformance analysis of wet land paddy weeders | ||
| 260 |
_aTavanur 2004 _bKelappaji College of Agricultural Engineering and Technology |
||
| 300 | _a99 | ||
| 500 | _aPerformance analysis of wet land paddy weeders | ||
| 520 | _aPerformance analysis of wet land paddy weeders | ||
| 700 |
_aEr. Preman P.S (Guide) _92229 |
||
| 942 | _cPR | ||